| 000 | 00473nam a2200205Ia 4500 | ||
|---|---|---|---|
| 005 | 20240823033935.0 | ||
| 008 | 240823s9999||||xx |||||||||||||| ||und|| | ||
| 020 | _a978-81-264-2672-0 | ||
| 041 | _aMALAYALAM | ||
| 082 | _A158.1 Q2 | ||
| 100 | _aRandy Pausch | ||
| 245 | 0 | _aAnthyaprabhashanam | |
| 250 | _a1st | ||
| 260 |
_c2012 _b"D C Books,Kot" |
||
| 500 | _aYES | ||
| 650 |
_aMotivation _bGeneral |
||
| 700 | _a Jeffrey Zaslow | ||
| 942 | _cBK | ||
| 999 |
_c197027 _d197027 |
||